[Event "V Festival Terra del Salento A"]
[Site "Gallipoli ITA"]
[Date "2000.06.24"]
[Round "4"]
[White "Inkiov, Ventzislav V."]
[Black "Ausmins, Elmar"]
[Result "1-0"]
[WhiteElo "2438"]
[BlackElo "2255"]
[PlyCount "71"]
[EventDate "2000.06.23"]

1. d4 Nf6 2. c4 g6 3. Nc3 Bg7 4. Nf3 O-O 5. Bg5 d6 6. e3 Na6 7. Be2 c5 8. O-O
h6 9. Bh4 g5 10. Bg3 Nh5 11. dxc5 Nxc5 12. Qc2 Nxg3 13. hxg3 a5 14. Nd4 f5 15.
Rad1 Qe8 16. Nd5 Qf7 17. g4 fxg4 18. Nb6 Qh5 19. Nxc8 Raxc8 20. Nf5 Be5 21. g3
Kh8 22. Nxe7 Qh3 23. Ng6+ Kg7 24. Nxe5 dxe5 25. Rd6 Rf6 26. Rxf6 Kxf6 27. Rd1
Qh5 28. Rd6+ Ke7 29. Rd5 e4 30. Qc3 Ne6 31. Qe5 Qg6 32. Qd6+ Kf6 33. Re5 Re8
34. Bxg4 Kf7 35. Qd7+ Re7 36. Rxe6 1-0

[Event "V Festival Terra del Salento A"]
[Site "Gallipoli ITA"]
[Date "2000.06.24"]
[Round "4"]
[White "Maccario, Mauro"]
[Black "Indelicati, Giuseppe"]
[Result "1/2-1/2"]
[WhiteElo "1824"]
[BlackElo "2204"]
[PlyCount "27"]
[EventDate "2000.06.23"]

1. c4 g6 2. Nc3 Bg7 3. g3 c5 4. Bg2 Nc6 5. d3 e6 6. e4 Nge7 7. Nge2 b6 8. O-O
Bb7 9. Be3 O-O 10. Qd2 Ne5 11. h3 Rb8 12. f4 N5c6 13. d4 d6 14. Rad1 1/2-1/2

[Event "V Festival Terra del Salento A"]
[Site "Gallipoli ITA"]
[Date "2000.06.24"]
[Round "4"]
[White "Palma, Antonio"]
[Black "Di Lascio, Savino"]
[Result "0-1"]
[WhiteElo "1735"]
[BlackElo "1702"]
[PlyCount "72"]
[EventDate "2000.06.23"]

1. d4 Nf6 2. c4 e6 3. Nf3 b6 4. e3 Bb4+ 5. Nbd2 O-O 6. a3 Bxd2+ 7. Bxd2 Bb7 8.
Bd3 d5 9. O-O Nbd7 10. Qe2 a5 11. b4 axb4 12. axb4 Qe7 13. Bc3 dxc4 14. Bxc4
Ne4 15. Rxa8 Rxa8 16. Be1 f5 17. Ne5 Nxe5 18. dxe5 Bd5 19. f3 Ng5 20. Ba6 c5
21. h4 Nf7 22. e4 fxe4 23. fxe4 Bxe4 24. bxc5 Qxc5+ 25. Bf2 Qc6 26. Bb5 Qb7 27.
Qg4 Qd5 28. Rd1 Qxb5 29. Qxe4 Re8 30. Bd4 Rd8 31. Rb1 Qc4 32. Rd1 b5 33. Kf2
Rd5 34. Kf3 Qb3+ 35. Rd3 Nxe5+ 36. Ke2 Qxd3+ 0-1

[Event "V Festival Terra del Salento A"]
[Site "Gallipoli ITA"]
[Date "2000.06.24"]
[Round "4"]
[White "Patavia, Antonio"]
[Black "Quaranta, Vitaliano"]
[Result "1/2-1/2"]
[WhiteElo "2088"]
[BlackElo "1711"]
[PlyCount "80"]
[EventDate "2000.06.23"]

1. e4 c5 2. g3 d6 3. Bg2 g6 4. Ne2 Bg7 5. Nbc3 Nc6 6. O-O Nf6 7. d3 O-O 8. h3
Rb8 9. Be3 e5 10. f4 Nd4 11. g4 h6 12. f5 g5 13. Nd5 Nxd5 14. exd5 Nxe2+ 15.
Qxe2 Bf6 16. Be4 b5 17. Rf2 Kg7 18. Raf1 Rh8 19. Qd2 Bb7 20. Rg2 Qe7 21. Rgf2
Qd8 22. c3 Rc8 23. a4 a6 24. Ra1 Ra8 25. Rff1 Qe7 26. Ra3 Qd8 27. Rfa1 Qd7 28.
Qc1 Rab8 29. b3 Qe8 30. R3a2 Qe7 31. Rh2 Ra8 32. Raa2 Qd7 33. Qa1 Qc7 34. Rhg2
Qc8 35. axb5 axb5 36. Ra5 Rxa5 37. Qxa5 Qd7 38. Qa1 Ra8 39. Ra2 Rxa2 40. Qxa2
Bd8 1/2-1/2

[Event "V Festival Terra del Salento A"]
[Site "Gallipoli ITA"]
[Date "2000.06.24"]
[Round "4"]
[White "Perissinotto, Claudio"]
[Black "Limongelli, Sergio"]
[Result "1/2-1/2"]
[WhiteElo "2130"]
[BlackElo "1800"]
[PlyCount "58"]
[EventDate "2000.06.23"]

1. e4 c5 2. c3 d5 3. exd5 Qxd5 4. d4 Nf6 5. Nf3 Bg4 6. Qa4+ Bd7 7. Qb3 Qxb3 8.
axb3 e6 9. Na3 a6 10. Nb5 Bxb5 11. Bxb5+ Nbd7 12. O-O Rd8 13. Be2 cxd4 14. Nxd4
Be7 15. Bf3 Nd5 16. c4 Nb4 17. Bxb7 Nc5 18. Bc6+ Kf8 19. Be3 Rxd4 20. Bxd4 Nxb3
21. Bc3 Nxa1 22. Bxb4 Bxb4 23. Rxa1 a5 24. Rd1 Ke7 25. Rd7+ Kf6 26. g3 Be7 27.
g4 g5 28. Ra7 Bb4 29. Kg2 Rd8 1/2-1/2

[Event "V Festival Terra del Salento A"]
[Site "Gallipoli ITA"]
[Date "2000.06.24"]
[Round "4"]
[White "Rotelli, Pietro"]
[Black "Quimi, Marco"]
[Result "0-1"]
[WhiteElo "1911"]
[BlackElo "2217"]
[PlyCount "38"]
[EventDate "2000.06.23"]

1. d4 Nf6 2. c4 e6 3. Nc3 d5 4. e3 c6 5. Nf3 Nbd7 6. Bd3 a6 7. a4 Bd6 8. O-O
O-O 9. e4 dxc4 10. Bxc4 e5 11. Bg5 Qe7 12. d5 Nb6 13. Qb3 Nxc4 14. Qxc4 Bg4 15.
dxc6 bxc6 16. Rad1 Rfc8 17. Rd3 h6 18. Bh4 Be6 19. Bxf6 gxf6 0-1

[Event "V Festival Terra del Salento A"]
[Site "Gallipoli ITA"]
[Date "2000.06.24"]
[Round "4"]
[White "Rubillo, Vincenzo"]
[Black "Ferri, Giuseppe"]
[Result "1/2-1/2"]
[WhiteElo "1708"]
[BlackElo "1747"]
[PlyCount "87"]
[EventDate "2000.06.23"]

1. d4 d5 2. c4 c6 3. Nc3 Nf6 4. Nf3 dxc4 5. e4 b5 6. a4 b4 7. Nb1 Nxe4 8. Bxc4
e6 9. Ne5 Nf6 10. O-O Be7 11. Re1 O-O 12. b3 Nd5 13. Qg4 Nf6 14. Qh4 Nfd7 15.
Qh3 Nxe5 16. dxe5 a5 17. Bd3 g6 18. Bh6 Re8 19. Nd2 Bf8 20. Ne4 Nd7 21. Bxf8
Rxf8 22. Qh6 f5 23. exf6 Nxf6 24. Bc4 Nxe4 25. Rxe4 Qf6 26. Rf1 Ra7 27. Qe3 Re7
28. Re5 Kg7 29. Rxa5 e5 30. Ra7 Rfe8 31. Rxe7+ Rxe7 32. f3 Qd6 33. Re1 Kf6 34.
a5 c5 35. Kf2 Ra7 36. Ra1 Ba6 37. Bxa6 Rxa6 38. Ke2 Qc7 39. Qd3 Rxa5 40. Rxa5
Qxa5 41. Qd6+ Kf7 42. Qd7+ Kf8 43. Qd6+ Kf7 44. Qd7+ 1/2-1/2

[Event "V Festival Terra del Salento A"]
[Site "Gallipoli ITA"]
[Date "2000.06.24"]
[Round "4"]
[White "Sansonetti, Giorgio"]
[Black "Laketic, Gojko"]
[Result "0-1"]
[WhiteElo "2189"]
[BlackElo "2456"]
[PlyCount "60"]
[EventDate "2000.06.23"]

1. f4 d5 2. e3 g6 3. Nf3 Bg7 4. d4 c5 5. b3 Nc6 6. c3 cxd4 7. exd4 Bg4 8. Be2
Bxf3 9. Bxf3 e6 10. O-O Nge7 11. Kh1 b5 12. a3 a5 13. Bb2 O-O 14. Qd3 Qb6 15.
Rd1 b4 16. c4 dxc4 17. bxc4 Rad8 18. c5 Qc7 19. axb4 Bxd4 20. Qb3 axb4 21. Nd2
Qxf4 22. Ne4 Qe5 23. Bxd4 Rxd4 24. Re1 Rfd8 25. Rac1 Qf4 26. Nd6 Ne5 27. Be2
Rd2 28. Rf1 Qd4 29. Rce1 Nf5 30. Nb7 Rb8 0-1

[Event "V Festival Terra del Salento A"]
[Site "Gallipoli ITA"]
[Date "2000.06.24"]
[Round "4"]
[White "Schiappoli, Dario"]
[Black "Cesarini, Lanfranco"]
[Result "1-0"]
[WhiteElo "1767"]
[BlackElo "2107"]
[PlyCount "55"]
[EventDate "2000.06.23"]

1. e4 e6 2. b3 d5 3. Bb2 dxe4 4. Nc3 Nf6 5. f3 Bc5 6. Nxe4 Nxe4 7. fxe4 Qh4+ 8.
g3 Qxe4+ 9. Qe2 Qxh1 10. Nf3 Bd7 11. O-O-O Bc6 12. Bg2 Qxd1+ 13. Kxd1 Nd7 14.
Ng5 Bxg2 15. Qxg2 c6 16. Qf3 O-O-O 17. Nxf7 Rhf8 18. Bxg7 Rg8 19. Nxd8 Kxd8 20.
Qf7 Re8 21. Bh6 e5 22. Qxh7 Kc8 23. Qg6 Rh8 24. h4 e4 25. Bg7 Rg8 26. Qf7 Re8
27. h5 Ne5 28. Bxe5 1-0

[Event "V Festival Terra del Salento A"]
[Site "Gallipoli ITA"]
[Date "2000.06.24"]
[Round "4"]
[White "Vujovic, Milorad"]
[Black "Piscopo, Pierluigi"]
[Result "1/2-1/2"]
[WhiteElo "2316"]
[BlackElo "2094"]
[PlyCount "56"]
[EventDate "2000.06.23"]

1. e4 c5 2. Nf3 Nc6 3. Bb5 e6 4. Bxc6 bxc6 5. e5 f6 6. Qe2 fxe5 7. Nxe5 Nf6 8.
d3 Be7 9. Nd2 O-O 10. Ndc4 Qc7 11. Bd2 d6 12. Nf3 e5 13. h3 a5 14. a4 Kh8 15.
O-O Nd5 16. Rfe1 Bf5 17. Ng5 Nb4 18. g4 Bc8 19. Rac1 h6 20. Nf3 Nd5 21. Nh2 Be6
22. Nf1 Bg5 23. Be3 Qe7 24. Ng3 Bf4 25. Ne4 Qh4 26. Kg2 Bxe3 27. fxe3 Rf4 28.
Nf2 Raf8 1/2-1/2

[Event "V Festival Terra del Salento A"]
[Site "Gallipoli ITA"]
[Date "2000.06.25"]
[Round "5"]
[White "Ausmins, Elmar"]
[Black "Vujovic, Milorad"]
[Result "1-0"]
[WhiteElo "2255"]
[BlackElo "2316"]
[PlyCount "49"]
[EventDate "2000.06.23"]

1. d4 Nf6 2. Nf3 b5 3. Bg5 Ne4 4. Nh4 Bb7 5. e3 a6 6. c3 g6 7. a4 c6 8. Bd3 Nd6
9. a5 Bg7 10. Nd2 O-O 11. e4 Ne8 12. O-O d6 13. Rc1 Nd7 14. Qe2 c5 15. e5 dxe5
16. dxe5 c4 17. Be4 Bxe4 18. Qxe4 Nc5 19. Qc6 Nd3 20. Bxe7 Qxe7 21. Qxa8 Nxc1
22. Rxc1 Nc7 23. Qa7 Ra8 24. Qb7 Qd8 25. Ne4 {...} 1-0

[Event "V Festival Terra del Salento A"]
[Site "Gallipoli ITA"]
[Date "2000.06.25"]
[Round "5"]
[White "Di Lascio, Savino"]
[Black "Rotelli, Pietro"]
[Result "1/2-1/2"]
[WhiteElo "1702"]
[BlackElo "1911"]
[PlyCount "131"]
[EventDate "2000.06.23"]

1. Nf3 Nf6 2. g3 d5 3. Bg2 c6 4. O-O Bg4 5. h3 Bh5 6. d3 h6 7. c3 Nbd7 8. Bf4
g5 9. Be5 Nxe5 10. Nxe5 Nd7 11. Nf3 Bg7 12. Nbd2 O-O 13. Qb3 Rb8 14. Rfe1 b5
15. Nd4 Bxd4 16. cxd4 Qb6 17. g4 Bg6 18. Nf3 f6 19. e4 e6 20. Rac1 Bf7 21. Qb4
Qc7 22. e5 fxe5 23. dxe5 c5 24. Qd2 Bg6 25. h4 Rxf3 26. Bxf3 Nxe5 27. Rxe5 Qxe5
28. h5 Bh7 29. Rxc5 Qd4 30. Rc7 Qxd3 31. Qxd3 Bxd3 32. Rxa7 Kf8 33. Rc7 b4 34.
Bd1 Ra8 35. Bb3 Bb1 36. Rb7 Bxa2 37. Bxa2 Rxa2 38. Rxb4 Ra7 39. Kf1 Ke7 40. Ke2
Kd6 41. Rb8 Rf7 42. Rb6+ Ke5 43. b4 Rf4 44. f3 Rc4 45. Rb8 Kd4 46. b5 Rc2+ 47.
Kd1 Kd3 48. Re8 Rb2 49. Kc1 Rxb5 50. Rxe6 Rc5+ 51. Kd1 Ra5 52. Ke1 Ra2 53. Kf1
d4 54. Rxh6 Ke3 55. Rb6 Kxf3 56. Rb3+ Kxg4 57. h6 Rh2 58. Rd3 Rxh6 59. Rxd4+
Kf3 60. Kg1 Re6 61. Rd1 Re2 62. Ra1 g4 63. Ra3+ Kf4 64. Ra8 Kg3 65. Ra3+ Kh4
66. Ra8 1/2-1/2

[Event "V Festival Terra del Salento A"]
[Site "Gallipoli ITA"]
[Date "2000.06.25"]
[Round "5"]
[White "Ferri, Giuseppe"]
[Black "Palma, Antonio"]
[Result "1/2-1/2"]
[WhiteElo "1747"]
[BlackElo "1735"]
[PlyCount "143"]
[EventDate "2000.06.23"]

1. d4 Nf6 2. g3 g6 3. Bg2 Bg7 4. c4 c5 5. d5 d6 6. Nc3 O-O 7. Nf3 Na6 8. O-O
Nc7 9. Re1 a6 10. a4 b6 11. h3 Rb8 12. e4 b5 13. e5 Nfe8 14. exd6 exd6 15. Qb3
Bd7 16. Nxb5 axb5 17. cxb5 Nf6 18. Bg5 h6 19. Bxf6 Qxf6 20. Re2 Nxb5 21. axb5
Rxb5 22. Qa3 Rfb8 23. Qa7 R5b7 24. Qa5 Rxb2 25. Rxb2 Rxb2 26. Qa8+ Kh7 27. Ra7
Bxh3 28. Kh2 Bg4 29. Qe8 Rxf2 30. Rxf7 Qb2 31. Nh4 Rxf7 32. Qxf7 Qf6 33. Qe8
Bf5 34. Nxf5 gxf5 35. Bf3 Qg6 36. Qe7 h5 37. Qh4 Be5 38. Qxh5+ Qxh5+ 39. Bxh5
Kh6 40. Be2 Kg5 41. Kg2 f4 42. g4 Kh4 43. Kf3 Kg5 44. Bc4 Bd4 45. Be2 Be3 46.
Bc4 Kf6 47. Ke4 Bc1 48. Be2 Kg5 49. Kf3 Bb2 50. Bc4 Be5 51. Be2 Kf6 52. Ke4 Ke7
53. Bc4 Kd7 54. Be2 Kc7 55. Kd3 Kb6 56. Kc4 Ka5 57. Kb3 Bf6 58. Bf3 Kb5 59.
Be2+ c4+ 60. Bxc4+ Kc5 61. Be2 Kxd5 62. Kc2 Ke4 63. Kd2 f3 64. Bd3+ Kf4 65. Bf5
Bh4 66. Be6 Kg3 67. Ke1 Kg2+ 68. Kd2 Bg5+ 69. Kc3 f2 70. Bc4 f1=Q 71. Bxf1+
Kxf1 72. Kc4 1/2-1/2

[Event "V Festival Terra del Salento A"]
[Site "Gallipoli ITA"]
[Date "2000.06.25"]
[Round "5"]
[White "Indelicati, Giuseppe"]
[Black "Rubillo, Vincenzo"]
[Result "1-0"]
[WhiteElo "2204"]
[BlackElo "1708"]
[PlyCount "67"]
[EventDate "2000.06.23"]

1. e4 c5 2. c3 e6 3. d4 cxd4 4. cxd4 d5 5. e5 Nc6 6. Nf3 Qb6 7. Nc3 a6 8. Bd3
Bd7 9. O-O Nxd4 10. Nxd4 Qxd4 11. Qe2 Rc8 12. Kh1 Bb4 13. Bd2 f5 14. f4 Qb6 15.
a3 Bxc3 16. Bxc3 Bb5 17. Bxb5+ Qxb5 18. Qh5+ g6 19. Qg5 a5 20. Rac1 Kd7 21. Rf2
Ne7 22. Rfc2 b6 23. h3 Qb3 24. Rd2 b5 25. Rcd1 b4 26. axb4 axb4 27. Bd4 h6 28.
Qh4 g5 29. Qf2 Ng6 30. Qe2 Qc4 31. Qh5 Rcg8 32. b3 Qc7 33. Ra2 Qb8 34. Ra7+ 1-0

[Event "V Festival Terra del Salento A"]
[Site "Gallipoli ITA"]
[Date "2000.06.25"]
[Round "5"]
[White "Laketic, Gojko"]
[Black "Inkiov, Ventzislav V."]
[Result "1/2-1/2"]
[WhiteElo "2456"]
[BlackElo "2438"]
[PlyCount "35"]
[EventDate "2000.06.23"]

1. c4 e6 2. Nf3 Nf6 3. g3 d5 4. Bg2 dxc4 5. Qa4+ Nbd7 6. O-O c5 7. Qxc4 a6 8.
Qc2 b5 9. b3 Bb7 10. Bb2 Be7 11. d3 O-O 12. Nbd2 Rc8 13. Rac1 Nd5 14. Qb1 Bf6
15. d4 cxd4 16. Nxd4 Qb6 17. e3 Nc5 18. Ne4 1/2-1/2

[Event "V Festival Terra del Salento A"]
[Site "Gallipoli ITA"]
[Date "2000.06.25"]
[Round "5"]
[White "Limongelli, Sergio"]
[Black "Maccario, Mauro"]
[Result "1/2-1/2"]
[WhiteElo "1800"]
[BlackElo "1824"]
[PlyCount "22"]
[EventDate "2000.06.23"]

1. e4 c5 2. Nf3 e6 3. d4 cxd4 4. Nxd4 a6 5. Bd3 Nf6 6. Nc3 d6 7. O-O Be7 8. Be3
Qc7 9. f4 Nc6 10. Kh1 O-O 11. Qe2 Bd7 1/2-1/2

[Event "V Festival Terra del Salento A"]
[Site "Gallipoli ITA"]
[Date "2000.06.25"]
[Round "5"]
[White "Patavia, Antonio"]
[Black "Perissinotto, Claudio"]
[Result "1/2-1/2"]
[WhiteElo "2088"]
[BlackElo "2130"]
[PlyCount "73"]
[EventDate "2000.06.23"]

1. e4 d6 2. d4 Nf6 3. Nc3 g6 4. Nf3 Bg7 5. Be2 O-O 6. O-O Bg4 7. Be3 Nc6 8. Qd2
e5 9. dxe5 dxe5 10. Rad1 a6 11. Qc1 Qc8 12. h3 Bxf3 13. Bxf3 Rd8 14. Rxd8+ Qxd8
15. Rd1 Qe8 16. Ne2 Rd8 17. c3 Rd7 18. Rd2 Qd8 19. Qd1 Rxd2 20. Qxd2 Qxd2 21.
Bxd2 h5 22. Nc1 Kh7 23. Kf1 Bh6 24. Ke2 Nd7 25. Nd3 Nd8 26. Bxh6 Kxh6 27. Ke3
Ne6 28. Bd1 Kg5 29. Bb3 Kf6 30. h4 Ndc5 31. Nxc5 Nxc5 32. Bd1 a5 33. b3 Ke7 34.
a3 Ne6 35. b4 axb4 36. axb4 c5 37. Bb3 1/2-1/2

[Event "V Festival Terra del Salento A"]
[Site "Gallipoli ITA"]
[Date "2000.06.25"]
[Round "5"]
[White "Piscopo, Pierluigi"]
[Black "Schiappoli, Dario"]
[Result "1-0"]
[WhiteElo "2094"]
[BlackElo "1767"]
[PlyCount "49"]
[EventDate "2000.06.23"]

1. e4 c5 2. Nf3 d6 3. d4 cxd4 4. Nxd4 Nf6 5. Nc3 a6 6. Bc4 e6 7. Bb3 b5 8. O-O
b4 9. Na4 Nxe4 10. f4 g6 11. f5 gxf5 12. Nxf5 Rg8 13. Qh5 Nf6 14. Qf3 Qc7 15.
Ng3 Ng4 16. Qxa8 Bb7 17. Qa7 Nc6 18. Qb6 Qe7 19. Bf4 Nd8 20. Nc5 Bc6 21. Nce4
Qh4 22. h3 d5 23. hxg4 dxe4 24. Rad1 Be7 25. Rxd8+ 1-0

[Event "V Festival Terra del Salento A"]
[Site "Gallipoli ITA"]
[Date "2000.06.25"]
[Round "5"]
[White "Quaranta, Vitaliano"]
[Black "Cesarini, Lanfranco"]
[Result "0-1"]
[WhiteElo "1711"]
[BlackElo "2107"]
[PlyCount "106"]
[EventDate "2000.06.23"]

1. e4 e5 2. Nf3 Nc6 3. Bb5 a6 4. Ba4 Nf6 5. O-O Be7 6. Re1 b5 7. Bb3 O-O 8. c3
d6 9. h3 Na5 10. Bc2 c5 11. d3 Rb8 12. Nbd2 Be6 13. d4 cxd4 14. cxd4 Qc7 15. d5
Bd7 16. Nf1 Rfc8 17. Bd3 Nb7 18. Bd2 Nc5 19. Rc1 Qd8 20. Bc2 b4 21. Ng3 a5 22.
Be3 Qe8 23. Nd2 Bb5 24. Bxc5 Rxc5 25. Nb3 Rc7 26. Nxa5 Ra8 27. a4 bxa3 28. Nc6
Bxc6 29. dxc6 axb2 30. Rb1 Qb8 31. Bb3 Rxc6 32. Rxb2 Rb6 33. Rb1 Ra3 34. Bc2
Qa7 35. Nf5 Bf8 36. Rxb6 Qxb6 37. Re3 Ra2 38. Rb3 Qc7 39. Bd3 g6 40. Ne3 Ra4
41. Qb1 Ra7 42. Rb5 Bh6 43. Nc4 Nd7 44. Ne3 Bxe3 45. fxe3 Qc3 46. Kh2 Ra3 47.
Rd5 Rb3 48. Qa2 Rb2 49. Qa8+ Kg7 50. Qa7 Nc5 51. Bf1 Qxe3 52. Rxd6 Qf4+ 53. Kg1
Qf2+ 0-1

[Event "V Festival Terra del Salento A"]
[Site "Gallipoli ITA"]
[Date "2000.06.25"]
[Round "5"]
[White "Quimi, Marco"]
[Black "Sansonetti, Giorgio"]
[Result "1-0"]
[WhiteElo "2217"]
[BlackElo "2189"]
[PlyCount "75"]
[EventDate "2000.06.23"]

1. e4 e6 2. d4 d5 3. e5 Bd7 4. Nf3 a6 5. c3 Bb5 6. Bxb5+ axb5 7. O-O Ne7 8.
Nbd2 Nf5 9. Qe2 c6 10. Nb3 Be7 11. Bd2 Nd7 12. a3 Nb6 13. Rad1 Nc4 14. Bc1 b6
15. Na1 h6 16. Nc2 Qd7 17. Nfe1 h5 18. Nd3 g6 19. g3 c5 20. b3 cxd4 21. Nxd4
Nxd4 22. cxd4 Nxa3 23. Bb2 b4 24. Qd2 Qb5 25. Rc1 Kd7 26. Rfd1 Rac8 27. Qf4
Rxc1 28. Bxc1 Rf8 29. Qf3 f5 30. exf6 Rxf6 31. Qe2 Qa5 32. Bg5 Nb5 33. Ne5+ Kd6
34. Qe3 Qa2 35. Bxf6 Bxf6 36. Re1 Nc7 37. Nxg6 Qb2 38. Qf4+ 1-0

[Event "V Festival Terra del Salento A"]
[Site "Gallipoli ITA"]
[Date "2000.06.25"]
[Round "6"]
[White "Ausmins, Elmar"]
[Black "Indelicati, Giuseppe"]
[Result "0-1"]
[WhiteElo "2255"]
[BlackElo "2204"]
[PlyCount "78"]
[EventDate "2000.06.23"]

1. d4 Nf6 2. Nf3 g6 3. c4 Bg7 4. Nc3 O-O 5. e4 d6 6. Be2 Bg4 7. Ng1 Bxe2 8.
Ngxe2 Nc6 9. d5 Na5 10. Qa4 c5 11. Bd2 Nd7 12. Nd1 b6 13. O-O Ne5 14. Bxa5 bxa5
15. f4 Nd7 16. Kh1 Rb8 17. Rb1 Rb4 18. Qc2 Qc7 19. a3 Rb7 20. Nc1 Rfb8 21. Nd3
Qb6 22. Qe2 Qc7 23. Re1 e6 24. Ne3 Rb3 25. dxe6 fxe6 26. f5 Nf8 27. Rf1 Qd8 28.
Ng4 exf5 29. exf5 gxf5 30. Rxf5 Qe8 31. Qf3 Kh8 32. Rf1 Ne6 33. Qd5 Qg6 34.
Nde5 dxe5 35. Nxe5 Bxe5 36. Qxe5+ Qg7 37. Qxe6 Rxb2 38. Qe4 Rg8 39. g3 Rxh2+
0-1

[Event "V Festival Terra del Salento A"]
[Site "Gallipoli ITA"]
[Date "2000.06.25"]
[Round "6"]
[White "Cesarini, Lanfranco"]
[Black "Vujovic, Milorad"]
[Result "1-0"]
[WhiteElo "2107"]
[BlackElo "2316"]
[PlyCount "113"]
[EventDate "2000.06.23"]

1. e4 c5 2. c3 d6 3. Nf3 Nf6 4. d3 Nc6 5. Be2 Rb8 6. O-O b5 7. Nbd2 e5 8. Re1
b4 9. d4 bxc3 10. bxc3 cxd4 11. cxd4 exd4 12. Nxd4 Nxd4 13. Qa4+ Nc6 14. Qxc6+
Bd7 15. Qa6 Be7 16. Ba3 O-O 17. Bxd6 Bg4 18. Bxe7 Qxe7 19. e5 Bxe2 20. exf6
Bxa6 21. fxe7 Rfe8 22. Nb3 Bc4 23. Nd4 Rb7 24. Nf5 Rd7 25. Rad1 Bd3 26. Ng3 f6
27. Re3 Bb5 28. Rxd7 Bxd7 29. Kf1 Kf7 30. Ke2 f5 31. f4 Be6 32. a3 Rxe7 33. Kd2
g6 34. Ne2 Rb7 35. Rc3 Bd5 36. g3 Be4 37. h4 a5 38. Ke3 a4 39. Nd4 Bd5 40. Kd2
Ke7 41. Nc6+ Kd6 42. Nb4 Be4 43. Rc8 Re7 44. Rc4 Bf3 45. Nd3 Re2+ 46. Kc3 Rg2
47. Rd4+ Ke7 48. Ne1 Ra2 49. Rxa4 Be4 50. Rxe4+ fxe4 51. Nc2 e3 52. Kb3 Rxa3+
53. Kxa3 e2 54. Kb3 e1=Q 55. Nxe1 Ke6 56. Nd3 Kf5 57. Nf2 1-0

[Event "V Festival Terra del Salento A"]
[Site "Gallipoli ITA"]
[Date "2000.06.25"]
[Round "6"]
[White "Di Lascio, Savino"]
[Black "Patavia, Antonio"]
[Result "1-0"]
[WhiteElo "1702"]
[BlackElo "2088"]
[PlyCount "79"]
[EventDate "2000.06.23"]

1. Nf3 g6 2. g3 Bg7 3. Bg2 Nf6 4. O-O O-O 5. d3 d6 6. Nbd2 c5 7. e4 Nc6 8. c3
e5 9. Nc4 h6 10. a4 Be6 11. h3 Nxe4 12. Ncxe5 dxe5 13. dxe4 Qc8 14. Be3 b6 15.
Kh2 Na5 16. Nd2 Rd8 17. Qc2 c4 18. f4 Rd3 19. Rae1 f6 20. f5 Bf7 21. fxg6 Bxg6
22. Nf3 Bxe4 23. Bxh6 Bh7 24. Bxg7 Kxg7 25. Qf2 Rb8 26. Nxe5 Rd6 27. Qf4 Qf8
28. Qg4+ Kh8 29. Nd7 f5 30. Nxb8 Qxb8 31. Qf4 Qd8 32. Qe5+ Kg8 33. Rf2 Nb3 34.
Ref1 Nd2 35. Rd1 Qd7 36. Qf4 Ne4 37. Rxd6 Qxd6 38. Bxe4 Qxf4 39. Bd5+ Kf8 40.
Rxf4 1-0

[Event "V Festival Terra del Salento A"]
[Site "Gallipoli ITA"]
[Date "2000.06.25"]
[Round "6"]
[White "Ferri, Giuseppe"]
[Black "Quaranta, Vitaliano"]
[Result "1-0"]
[WhiteElo "1747"]
[BlackElo "1711"]
[PlyCount "141"]
[EventDate "2000.06.23"]

1. d4 Nf6 2. c4 g6 3. Nc3 d5 4. Bf4 Bg7 5. e3 c6 6. h3 Nbd7 7. Nf3 Qa5 8. Qd2
O-O 9. Bd3 dxc4 10. Bxc4 b5 11. Bd3 b4 12. Ne2 Qb6 13. O-O Bb7 14. Ne5 c5 15.
Rac1 cxd4 16. exd4 a5 17. Nxd7 Nxd7 18. Bc7 Qa7 19. Bb5 Nf6 20. Be5 Rac8 21.
Rxc8 Rxc8 22. Rc1 Qa8 23. Rxc8+ Qxc8 24. Qc1 Qxc1+ 25. Nxc1 Nd5 26. Bxg7 Kxg7
27. Nb3 Nc7 28. Bc4 a4 29. Nc5 Bc6 30. b3 axb3 31. axb3 Bb5 32. Kf1 Bc6 33. g3
e6 34. Ke2 Kf6 35. Kd2 Bg2 36. h4 Ke7 37. Nd3 Nd5 38. Nc5 Kd6 39. Nd3 Be4 40.
Ne1 h5 41. f3 Bf5 42. Nd3 f6 43. Nf2 g5 44. hxg5 fxg5 45. g4 Bg6 46. gxh5 Bxh5
47. Ne4+ Ke7 48. Nxg5 Kd6 49. Ne4+ Kc6 50. Ke2 Bg6 51. Nc5 Bf5 52. Kd2 Kd6 53.
Bd3 Bh3 54. Ne4+ Ke7 55. Bc4 Bf5 56. Bxd5 exd5 57. Nc5 Bg6 58. Na6 Bh5 59. f4
Kf6 60. Nxb4 Bf7 61. Nd3 Be8 62. Kc3 Kf5 63. Kb4 Ke4 64. Kc5 Kxd3 65. Kxd5 Bf7+
66. Ke5 Bxb3 67. d5 Kc4 68. d6 Ba4 69. Ke6 Kc5 70. f5 Bb3+ 71. Ke7 1-0

[Event "V Festival Terra del Salento A"]
[Site "Gallipoli ITA"]
[Date "2000.06.25"]
[Round "6"]
[White "Laketic, Gojko"]
[Black "Piscopo, Pierluigi"]
[Result "1-0"]
[WhiteElo "2456"]
[BlackElo "2094"]
[PlyCount "31"]
[EventDate "2000.06.23"]

1. d4 Nf6 2. c4 g6 3. Nc3 Bg7 4. e4 d6 5. Nf3 O-O 6. h3 Na6 7. Bg5 Qe8 8. Bd3
e5 9. O-O exd4 10. Nxd4 Nc5 11. Re1 Ne6 12. Be3 Nh5 13. Nf5 Be5 14. Bh6 Nhg7
15. f4 Bxf4 16. Nxg7 1-0

[Event "V Festival Terra del Salento A"]
[Site "Gallipoli ITA"]
[Date "2000.06.25"]
[Round "6"]
[White "Perissinotto, Claudio"]
[Black "Schiappoli, Dario"]
[Result "1/2-1/2"]
[WhiteElo "2130"]
[BlackElo "1767"]
[PlyCount "31"]
[EventDate "2000.06.23"]

1. e4 c5 2. c3 d5 3. exd5 Qxd5 4. d4 Nf6 5. Nf3 Nc6 6. Be2 cxd4 7. cxd4 e6 8.
Nc3 Qd6 9. O-O Be7 10. Nb5 Qd8 11. Ne5 Bd7 12. Bf3 Nxe5 13. dxe5 Bxb5 14. exf6
Bxf6 15. Bxb7 Qxd1 16. Rxd1 1/2-1/2

[Event "V Festival Terra del Salento A"]
[Site "Gallipoli ITA"]
[Date "2000.06.25"]
[Round "6"]
[White "Rotelli, Pietro"]
[Black "Maccario, Mauro"]
[Result "0-1"]
[WhiteElo "1911"]
[BlackElo "1824"]
[PlyCount "38"]
[EventDate "2000.06.23"]

1. d4 d5 2. Nf3 e6 3. c4 c6 4. e3 Nf6 5. Nc3 Nbd7 6. Bd3 Bd6 7. O-O O-O 8. b3
e5 9. dxe5 Nxe5 10. Nxe5 Bxe5 11. Bb2 dxc4 12. Bxc4 Qe7 13. Qe2 Re8 14. a4
Bxh2+ 15. Kxh2 Ng4+ 16. Kg3 Qd6+ 17. f4 Rxe3+ 18. Qxe3 Nxe3 19. Rf3 Qg6+ 0-1

[Event "V Festival Terra del Salento A"]
[Site "Gallipoli ITA"]
[Date "2000.06.25"]
[Round "6"]
[White "Rubillo, Vincenzo"]
[Black "Palma, Antonio"]
[Result "0-1"]
[WhiteElo "1708"]
[BlackElo "1735"]
[PlyCount "145"]
[EventDate "2000.06.23"]

1. d4 Nf6 2. c4 c5 3. d5 e6 4. Nc3 exd5 5. cxd5 d6 6. e4 g6 7. f4 Bg7 8. Bb5+
Nfd7 9. Nf3 O-O 10. O-O a6 11. Bd3 b5 12. a3 Bb7 13. Re1 Re8 14. Bc2 Qc7 15.
Rb1 c4 16. Be3 Nc5 17. Bd4 f6 18. Re3 Nbd7 19. Qe2 Re7 20. Re1 Rae8 21. Nd1 Nb6
22. g4 a5 23. g5 Nbd7 24. gxf6 Nxf6 25. Bxf6 Bxf6 26. e5 Bg7 27. Nc3 Qb6 28.
Qd2 dxe5 29. Nxe5 Bxe5 30. fxe5 Rxe5 31. Rxe5 Rxe5 32. Kf1 Qf6+ 33. Qf2 Rxe1+
34. Kxe1 Qxf2+ 35. Kxf2 b4 36. Ne4 Nxe4+ 37. Bxe4 Kf7 38. Ke3 c3 39. axb4 cxb2
40. bxa5 Ke8 41. Kd4 Kd7 42. Ke5 Bc8 43. Kd4 Kd6 44. Kc3 b1=Q 45. Bxb1 Kxd5 46.
Kb4 Ba6 47. Ba2+ Kd4 48. Be6 g5 49. Bg4 Bf1 50. Bd7 h5 51. Bb5 Bg2 52. a6 g4
53. a7 h4 54. Bf1 Ba8 55. Kb5 Ke3 56. Kb6 Kf2 57. Bb5 g3 58. hxg3 h3 59. Bc6
Bxc6 60. Kxc6 h2 61. Kb6 h1=Q 62. g4 Ke3 63. g5 Kd4 64. g6 Qb1+ 65. Kc7 Qc2+
66. Kb8 Qb3+ 67. Kc7 Qa4 68. Kb7 Qb4+ 69. Kc7 Qa5+ 70. Kb7 Qb5+ 71. Kc7 Qa6 72.
Kb8 Qb6+ 73. Ka8 0-1